Sports Quiz

Random Sports or WWE Quiz

Lost by Submission at WrestleMania Quiz Stats

Quiz not verified by Sporcle

Challenge
Share
Tweet
Embed
Score 0/17 Timer 05:00
0 Plays Today
Event Wrestler % Correct
WrestleMania XXTriple H
95.6%
WrestleMania XXIITriple H
95.6%
WrestleMania XXVIITriple H
95.2%
WrestleMania XXIShawn Michaels
84.1%
WrestleMania XXIIIShawn Michaels
84.1%
WrestleMania XIIIStone Cold Steve Austin
75.6%
WrestleMania XXIVEdge
69.1%
WrestleMania XXVIIIChris Jericho
66.2%
WrestleMania XXVIBatista
58%
Event Wrestler % Correct
WrestleMania XIBob Backlund
39.2%
WrestleMania XXVIVince McMahon
33.8%
WrestleMania XIISavio Vega
28.4%
WrestleMania IExecutioner
26.4%
WrestleMania VIKoko B Ware
23.3%
WrestleMania XXVJimmy Snuka
21.8%
WrestleMania IIIAdrian Adonis
21.1%
WrestleMania XXUltimo Dragon
10.2%

You're not logged in!

Compare scores with friends on all Sporcle quizzes.
Sign Up with Email
OR
Log In

You Might Also Like...

Show Comments

Extras

Top Quizzes Today


Score Distribution

Your Account Isn't Verified!

In order to create a playlist on Sporcle, you need to verify the email address you used during registration. Go to your Sporcle Settings to finish the process.

Report this User

Report this user for behavior that violates our Community Guidelines.

Details: